Los mexicanos pintados por sí mismos (Record no. 1663)

MARC details
000 -CABECERA
campo de control de longitud fija 00776nam a2200205 a 4500
001 - NÚMERO DE CONTROL
campo de control BRCA_1887
005 - FECHA Y HORA DE LA ÚLTIMA TRANSACCIÓN
campo de control 20190320203605.0
008 - DATOS DE LONGITUD FIJA--INFORMACIÓN GENERAL
campo de control de longitud fija 910426s1989----mx-a---##b---#000-0#spa-#
050 #4 - SIGNATURA TOPOGRÁFICA DE LA BIBLIOTECA DEL CONGRESO
Número de clasificación F1210
Número de documento/Ítem .M49 1989
245 10 - MENCIÓN DE TÍTULO
Título Los mexicanos pintados por sí mismos
Mención de responsabilidad, etc. Juan de Dios Arias ... [et al.] ; ilustraciones Hesiquio Iriarte y Andrés Campillo ; coloreadas para esta edición por Emilio Tames.
260 ## - PUBLICACIÓN, DISTRIBUCIÓN, ETC.
Lugar de publicación, distribución, etc. Chimalistac, Ciudad de México
Nombre del editor, distribuidor, etc. CONDUMEX
Fecha de publicación, distribución, etc. 1989
300 ## - DESCRIPCIÓN FÍSICA
Extensión xx, 301 p.
Otras características físicas il. a color
Dimensiones 37 cm.
504 ## - NOTA DE BIBLIOGRAFÍA, ETC.
Nota de bibliografía, etc. Bibliografía: p. [xix]-xx
651 #4 - PUNTO DE ACCESO ADICIONAL DE MATERIA--NOMBRE GEOGRÁFICO
Nombre geográfico México
Subdivisión general Vida social y costumbres
9 (RLIN) 769
653 0# - TÉRMINO DE INDIZACIÓN--NO CONTROLADO
Término no controlado Vida cotidiana
700 1# - PUNTO DE ACCESO ADICIONAL--NOMBRE DE PERSONA
Nombre de persona Arias, Juan de Dios
Fechas asociadas al nombre 1828-1886
9 (RLIN) 5829
700 1# - PUNTO DE ACCESO ADICIONAL--NOMBRE DE PERSONA
Nombre de persona Iriarte, Hesiquio
9 (RLIN) 5830
700 1# - PUNTO DE ACCESO ADICIONAL--NOMBRE DE PERSONA
Nombre de persona Campillo, Andrés
9 (RLIN) 5831
942 ## - ELEMENTOS DE PUNTO DE ACCESO ADICIONAL (KOHA)
Fuente del sistema de clasificación o colocación Library of Congress Classification
Tipo de ítem Koha Libros
Holdings
Estado de retiro Estado de pérdida Estado dañado No para préstamo Localización permanente Ubicación/localización actual Fecha de adquisición Total de préstamos Signatura topográfica completa Código de barras Fecha visto por última vez Precio válido a partir de Tipo de ítem Koha
El ejemplar forma parte de la colección y puede ser consultado según las políticas vigentes.       Biblioteca del Museo Franz Mayer (Rogerio Casas-Alatriste) Biblioteca del Museo Franz Mayer (Rogerio Casas-Alatriste) 30/07/2008   F1210 .M49 1989 00356 22/03/2019 22/03/2019 Libros